000 00931nam0a2200289 4500
001 RU\NLR\bibl\983189
005 20250614215045.0
010 _a5-7717-0066-5
_95000
021 _aRU
_b2006-45366
_92269
035 _a(NLR Aleph) 000971068
090 _a399538
_c399538
100 _a20060912d2006 |||y0rusy50 ca
101 0 _arus
102 _aRU
105 _aa |||||||||
200 1 _aСтроим погреба и колодцы
_fА. Н. Столяров
210 _aМосква
_cЦитадель-трейд
_d2006
215 _a63, [1] с.
_cил.
_d20
606 1 _aПогреба
_xСтроительство
_91868560
_3RU\NLR\auth\66848027
606 1 _aКолодцы
_xСтроительство
_91363555
_3RU\NLR\auth\66570696
686 _aН711.8
700 1 _aСтоляров
_bА. Н.
_4070
801 0 _aRU
_bNLR
_c20060912
_grcr
801 1 _aRU
_bNLR
_c20060912
942 _cBOOK
980 _aNB